000
00212nam a22000857a 4500
008
160803b xxu||||| |||| 00| 0 eng d
100
_9
8
_a
Purang Y.P
245
_a
Composite Science-6
260
_a
New Delhi
_b
Prachi
_c
2013
999
_c
2658
_d
2658